00507nam a2200181 a 4500001001300000003000900013005001700022008004100039020001000080082001500090100003500105245004400140260004200184300000900226500003500235505002100270650003400291nice12345678IN_TiNIC20260116011256.0050524s1964 graa grp 000 0 eng  ac10000a220.1bWAR aWarfield, Benjamin Breckinridg aInspiration and Authority of the Bible. aGrand RapidsbBaker Book House c1964 a446p aincludes index and biblioraphy2 aAppendix, Index. aBible-Evidences and Authority